[Event "Mechanics' Neil Falconer TNM; 30/90, SD"]
[Site "San Francisco"]
[Date "2013.09.10"]
[Round "6.12"]
[White "Abraham, Renjish"]
[Black "Anderson, Michael Gene"]
[Result "0-1"]
[WhiteElo "1871"]
[BlackElo "1997"]
[PlyCount "50"]
[EventDate "2013.??.??"]

1. c4 Nf6 2. Nc3 e6 3. d4 c5 4. Nf3 cxd4 5. Nxd4 a6 6. Bg5 Be7 7. e4 d6 8. Qd2
Bd7 9. Bd3 Nc6 10. Nf3 Rc8 11. O-O h6 12. Be3 Ng4 13. Rad1 Nxe3 14. Qxe3 O-O
15. Bb1 Ne5 16. b3 Qc7 17. Nd4 b5 18. f4 bxc4 19. Nde2 Ng4 20. Qf3 Qc5+ 21. Kh1
Ne3 22. e5 Nxd1 23. Qe4 g6 24. exd6 Nxc3 25. Nxc3 Bf6 0-1

[Event "Mechanics' Summer TNM; 30/90, SD/30"]
[Site "San Francisco"]
[Date "2013.07.02"]
[Round "6.9"]
[White "Abraham, Renjish"]
[Black "Andries, Craig"]
[Result "0-1"]
[WhiteElo "1878"]
[BlackElo "1963"]
[PlyCount "62"]
[EventDate "2013.??.??"]

1. c4 d6 2. Nc3 g6 3. d4 Bg7 4. e4 Nd7 5. Be3 c6 6. f4 Qa5 (6... e5) 7. Nf3
Ndf6 8. Bd3 Bg4 9. O-O e5 10. fxe5 Bxf3 11. Qxf3 dxe5 12. dxe5 (12. d5) 12...
Qxe5 13. Bf4 (13. Rad1 Ne7 14. Be2 $1 {with the strong threat of Bd4.}) 13...
Qe7 14. e5 Nd7 15. Ne4 $2 (15. Rae1 Nh6 (15... Nxe5 $2 16. Bxe5 Bxe5 17. Rxe5
Qxe5 18. Qxf7+ Kd8 19. Qxb7 $18) 16. e6 $16) 15... Nxe5 16. Bxe5 Bxe5 17. c5 f5
18. Nd6+ Bxd6 19. cxd6 Qxd6 20. Rfe1+ Ne7 21. Rad1 Qc5+ 22. Kf1 O-O-O 23. Rc1
Qd6 24. Bc4 Nd5 25. Red1 Kb8 26. Kg1 Rhe8 27. Rd3 Qf4 28. Qxf4+ Nxf4 29. Rf3
Re4 30. Bf1 Ne2+ 31. Bxe2 Rxe2 0-1

[Event "Mechanics' Fall TNM; 30/90, SD/30"]
[Site "San Francisco"]
[Date "2013.11.26"]
[Round "6.17"]
[White "Abraham, Renjish"]
[Black "Bayaraa, Chinguun"]
[Result "1-0"]
[WhiteElo "1862"]
[BlackElo "1625"]
[PlyCount "63"]
[EventDate "2013.??.??"]

1. c4 c5 2. Nc3 Nf6 3. g3 Nc6 4. Bg2 g6 5. Nf3 Bg7 6. e3 d6 7. d4 O-O 8. O-O a6
9. b3 cxd4 10. exd4 Bd7 11. Bb2 Qc8 12. Na4 Qd8 13. c5 dxc5 14. dxc5 Bf5 15.
Nd4 Nxd4 16. Bxd4 Be4 17. Bxe4 Nxe4 18. Bxg7 Kxg7 19. Qc2 Nf6 20. Nb6 Rc8 21.
Nxc8 Qxc8 22. b4 Qh3 23. Rfe1 Nd5 24. Re4 Nf6 25. Rxe7 Qg4 26. Rxb7 Qf3 27. Re7
Nd5 28. Re4 Rd8 29. Qb2+ Kg8 30. Rd4 Re8 31. Rc1 Nc3 32. Qxc3 1-0

[Event "Mechanics' Summer TNM; 30/90, SD/30"]
[Site "San Francisco"]
[Date "2013.05.28"]
[Round "1.25"]
[White "Abraham, Renjish"]
[Black "Cole, Tony"]
[Result "1-0"]
[WhiteElo "1878"]
[BlackElo "1411"]
[PlyCount "45"]
[EventDate "2013.??.??"]

1. c4 Nc6 2. d4 d5 3. e3 Nf6 4. Nc3 Bf5 5. Bd2 Nb4 6. Rc1 Bd3 7. Qa4+ c6 8.
Qxb4 Bxf1 9. Kxf1 b6 10. cxd5 e6 11. Qb3 exd5 12. Nf3 Bd6 13. g3 O-O 14. Kg2
Nh5 15. e4 dxe4 16. Nxe4 Rc8 17. Rhe1 Kh8 18. Nfg5 Qc7 19. Nxd6 Qxd6 20. Nxf7+
Rxf7 21. Qxf7 Nf6 22. Re7 Rg8 23. Rce1 1-0

[Event "Mechanics' Neil Falconer TNM; 30/90, SD"]
[Site "San Francisco"]
[Date "2013.08.06"]
[Round "1.23"]
[White "Abraham, Renjish"]
[Black "Cole, Tony"]
[Result "1-0"]
[WhiteElo "1871"]
[BlackElo "1400"]
[PlyCount "71"]
[EventDate "2013.??.??"]

1. c4 Nc6 2. d4 d5 3. Nf3 Nf6 4. Nc3 Bg4 5. cxd5 Nxd5 6. e4 Nxc3 7. bxc3 e6 8.
Be2 Be7 9. O-O O-O 10. Be3 a6 11. a4 Na5 12. Rb1 b6 13. Qc2 Bxf3 14. Bxf3 Nc4
15. Bc1 e5 16. Qe2 b5 17. axb5 Nd6 18. bxa6 Bf6 19. Be3 Nc8 20. Rfd1 Qe7 21.
Bg4 Qa3 22. Ra1 Qxc3 23. Rdc1 Qb4 24. d5 Qxe4 25. Bf3 Qh4 26. g3 Qb4 27. Bc5
Qb3 28. Rab1 Qa4 29. Bxf8 Kxf8 30. d6 Rxa6 31. Rxc7 Nxd6 32. Rb8+ Ne8 33. Rcc8
Re6 34. Bd5 Re7 35. Bc6 Qa1+ 36. Kg2 1-0

[Event "Mechanics' Summer TNM; 30/90, SD/30"]
[Site "San Francisco"]
[Date "2013.06.18"]
[Round "4.9"]
[White "Abraham, Renjish"]
[Black "Gaffagan, Steven"]
[Result "0-1"]
[WhiteElo "1878"]
[BlackElo "2097"]
[PlyCount "38"]
[EventDate "2013.??.??"]

1. c4 Nf6 2. Nc3 e6 3. g3 d5 4. cxd5 exd5 5. d4 c6 6. Bg2 Be7 7. Nf3 O-O 8. O-O
Na6 9. Re1 Bf5 10. Nh4 Be6 11. a3 c5 12. dxc5 Nxc5 13. b4 Nce4 14. Bb2 Nxf2 $5
(14... Nxc3 15. Bxc3 Ne4 16. Bxe4 dxe4 $15) 15. Qd4 $2 (15. Kxf2 Ng4+ 16. Kg1
Qb6+ 17. e3 Nxe3 18. Na4 Nxd1+ 19. Nxb6 Nxb2 20. Nxa8 Rxa8 21. Bxd5 Bxh4 22.
Bxe6 Nd3 23. Red1 Bf6 $11) 15... N2e4 16. Rad1 Qb6 17. Qxb6 axb6 18. Nxe4 dxe4
19. Rd4 g5 0-1

[Event "Mechanics' Fall TNM; 30/90, SD/30"]
[Site "San Francisco"]
[Date "2013.12.10"]
[Round "8.14"]
[White "Abraham, Renjish"]
[Black "Hack, Richard"]
[Result "1-0"]
[WhiteElo "1862"]
[BlackElo "1565"]
[Annotator "Donaldson"]
[PlyCount "75"]
[EventDate "2013.??.??"]

1. c4 f5 2. g3 g6 3. Bg2 Nf6 4. Nc3 Bg7 5. Nf3 O-O 6. O-O d6 7. d4 Nc6 8. d5
Ne5 9. Nxe5 (9. Qb3) 9... dxe5 10. e4 (10. Qb3) 10... f4 11. Re1 (11. gxf4 exf4
12. e5 Ng4 13. e6 {is the complicated main line.}) 11... g5 12. gxf4 (12. c5 $5
) 12... gxf4 13. Bf3 Bh3 14. Kh1 Qd7 15. Rg1 h6 16. Bd2 Kh8 17. Qe2 Rg8 18. Rg6
Kh7 19. Rag1 Bh8 20. Bh5 Rg7 21. Rxg7+ Bxg7 22. Bg6+ Kh8 23. f3 Rg8 24. Qf2 a6
25. Qh4 Nh7 26. Bf7 Rf8 27. Qh5 e6 28. Qxh3 Qxf7 29. dxe6 Qf6 30. Nd5 Ng5 31.
Qh5 Qxe6 32. Rxg5 c6 33. Nb6 Qd6 34. Qg6 Qe7 35. Rg2 Rd8 36. Bc3 Rd1+ 37. Rg1
Rd6 38. Qxg7+ 1-0

[Event "Mechanics' Spring TNM; 30/90, SD/30"]
[Site "San Francisco"]
[Date "2013.03.19"]
[Round "1.24"]
[White "Abraham, Renjish"]
[Black "Morgan, Jerry"]
[Result "1/2-1/2"]
[WhiteElo "1878"]
[BlackElo "1464"]
[PlyCount "105"]
[EventDate "2013.??.??"]

1. c4 f5 2. Nc3 Nf6 3. Nf3 g6 4. d4 Bg7 5. g3 O-O 6. Bg2 d6 7. O-O Qe8 8. e4 e5
9. exf5 Bxf5 10. Re1 e4 11. Ng5 Qc6 12. Qb3 Nbd7 13. Ngxe4 Qb6 14. Nxf6+ Bxf6
15. Qxb6 Nxb6 16. c5 dxc5 17. dxc5 Bxc3 18. bxc3 Na4 19. Ba3 c6 20. Re7 Rf7 21.
Rxf7 Kxf7 22. Rc1 Rd8 23. Bf1 Be6 24. Rb1 Rd7 25. c4 Bf5 26. Rb3 Ke8 27. Bb4
Kd8 28. a3 Rd1 29. f3 Bh3 30. Rd3+ Rxd3 31. Bxd3 Nb2 32. Be2 Be6 33. Kf2 Nxc4
34. Bxc4 Bxc4 35. Ke3 Bd5 36. Ba5+ Kd7 37. f4 Ke6 38. Bc7 Kf5 39. h3 h5 40. Kd4
Bg2 41. g4+ hxg4 42. hxg4+ Kxg4 43. Ke5 Bh3 44. a4 Kf3 45. a5 a6 46. Kf6 Bf5
47. Ke7 Ke4 48. Bd6 Kd5 49. Kd8 Kc4 50. Kc7 Kb5 51. Kxb7 Bd7 52. Bc7 Bf5 53.
Bb6 1/2-1/2

[Event "Mechanics' Fall TNM; 30/90, SD/30"]
[Site "San Francisco"]
[Date "2013.11.19"]
[Round "5.23"]
[White "Abraham, Renjish"]
[Black "Simpkins, Jerry"]
[Result "1-0"]
[WhiteElo "1862"]
[BlackElo "1571"]
[PlyCount "79"]
[EventDate "2013.??.??"]

1. c4 e5 2. g3 f5 3. Bg2 e4 4. d3 Nf6 5. Nh3 c6 6. O-O d5 7. f3 Bc5+ 8. Kh1 O-O
9. cxd5 cxd5 10. d4 Bd6 11. Qb3 Nc6 12. e3 Na5 13. Qd1 Nc4 14. b3 Nb6 15. Nf4
Bd7 16. Ba3 Bxa3 17. Nxa3 g5 18. Ne2 Qe7 19. Nc2 Bb5 20. Re1 Rac8 21. Qd2 Bd3
22. Nb4 Bb5 23. a4 Bc6 24. Rac1 Rc7 25. Nxc6 bxc6 26. Rc3 Rfc8 27. Rec1 Nbd7
28. f4 g4 29. Ng1 Nh5 30. Bf1 Qf6 31. Ba6 Rb8 32. Qc2 c5 33. Bb5 c4 34. bxc4 a6
35. Bxd7 Rxd7 36. cxd5 Rxd5 37. Qa2 Rbd8 38. Rc8 Qf7 39. R1c7 R5d7 40. Rxd8+
1-0

[Event "Mechanics' Spring TNM; 30/90, SD/30"]
[Site "San Francisco"]
[Date "2013.05.07"]
[Round "8.19"]
[White "Abraham, Renjish"]
[Black "Standen, Julian"]
[Result "1/2-1/2"]
[WhiteElo "1878"]
[BlackElo "1723"]
[PlyCount "60"]
[EventDate "2013.??.??"]

1. c4 c6 2. Nc3 d5 3. cxd5 cxd5 4. d4 Nf6 5. Bf4 e6 6. e3 Bd6 7. Bb5+ Nc6 8.
Nge2 O-O 9. O-O Qe7 10. Bg5 Bxh2+ 11. Kh1 Bb8 12. g3 h6 13. Bf4 Rd8 14. Kg2 e5
15. dxe5 Nxe5 16. Nd4 Ng6 17. Bxb8 Rxb8 18. Rh1 Ne4 19. Bd3 Nxc3 20. bxc3 Qf6
21. Qh5 Qg5 22. Qxg5 hxg5 23. Bxg6 fxg6 24. Rab1 Bf5 25. Rb4 Rdc8 26. Nxf5 gxf5
27. Rh5 Kf7 28. Rxg5 Kf6 29. f4 Rxc3 30. Kf3 b6 1/2-1/2

[Event "Mechanics' Neil Falconer TNM; 30/90, SD"]
[Site "San Francisco"]
[Date "2013.08.20"]
[Round "3.5"]
[White "Abraham, Renjish"]
[Black "Traub, Igor"]
[Result "0-1"]
[WhiteElo "1871"]
[BlackElo "2059"]
[Annotator "Donaldson"]
[PlyCount "68"]
[EventDate "2013.??.??"]

1. c4 Nf6 2. Nc3 e6 3. d4 d5 4. Bg5 Be7 5. e3 O-O 6. Nf3 Nbd7 7. Rc1 c6 8. Bd3
dxc4 9. Bxc4 b5 10. Bd3 a6 11. O-O (11. e4 c5 12. e5) 11... c5 12. Bb1 (12. Qe2
Bb7 13. Rfd1) 12... Bb7 13. Bxf6 Bxf6 14. Ne4 c4 15. Nd6 (15. b3) 15... Bc6 16.
b3 Be7 17. Ne4 $2 (17. Ne5) 17... Ba3 18. Qc2 Bxe4 19. Qxe4 Nf6 20. Qh4 Bxc1
21. Rxc1 cxb3 22. axb3 Rc8 23. Re1 h6 24. e4 Nh7 25. Qf4 Ng5 26. Nxg5 Qxg5 27.
Qxg5 hxg5 28. g3 Rc3 29. d5 exd5 30. exd5 Rd8 31. d6 g6 32. Rd1 Rxb3 33. d7 Kf8
34. Ba2 Rb2 0-1

[Event "Mechanics' Winter TNM; 30/90, SD/30"]
[Site "San Francisco"]
[Date "2013.01.15"]
[Round "2.8"]
[White "Afkham-Ebrahimi, Payam"]
[Black "Byamba, Uyanga"]
[Result "0-1"]
[WhiteElo "1872"]
[BlackElo "2094"]
[Annotator "Donaldson"]
[PlyCount "74"]
[EventDate "2013.??.??"]

1. f4 d5 2. Nf3 c5 3. g3 Nf6 4. Bg2 Nc6 5. d3 g6 6. O-O Bg7 7. c3 (7. Nc3 O-O (
7... d4 8. Ne4 (8. Na4 Nd7 9. c4 O-O 10. a3)) 8. e4) 7... O-O 8. Na3 $6 (8. Qc2
d4 9. Na3) 8... Rb8 9. Nc2 $6 h6 10. Be3 b6 11. Qd2 $6 (11. h3) (11. Kh1 Ng4
12. Bg1) 11... Ng4 12. Bf2 Nxf2 13. Rxf2 Bb7 14. Raf1 Qc7 15. Nh4 d4 16. c4 e6
17. Ne1 Ne7 18. Nef3 Nf5 19. Nxf5 exf5 20. h4 Rfe8 21. h5 Re3 22. Kh2 Rbe8 23.
Nh4 Bxg2 24. Rxg2 Kh7 25. Nf3 Qe7 26. Rff2 Bf6 27. hxg6+ fxg6 28. Kg1 g5 29.
fxg5 hxg5 30. Kf1 g4 31. Rh2+ Kg6 32. Nh4+ Bxh4 33. Rxh4 Qe5 34. Rfh2 Qxg3 35.
Rh6+ Kg7 36. Rh7+ Kf6 37. Qc2 Rf3+ 0-1

[Event "Mechanics' Winter TNM; 30/90, SD/30"]
[Site "San Francisco"]
[Date "2013.01.29"]
[Round "4.8"]
[White "Afkham-Ebrahimi, Payam"]
[Black "Nagarajan, Pranav"]
[Result "0-1"]
[WhiteElo "1872"]
[BlackElo "2036"]
[PlyCount "110"]
[EventDate "2013.??.??"]

1. f4 c5 2. Nf3 g6 3. g3 Bg7 4. Bg2 Nc6 5. d3 d6 6. O-O e6 7. e4 Nge7 8. Nbd2
O-O 9. c3 d5 10. e5 Nf5 11. Nb3 c4 12. Nc5 b6 13. Na4 Ba6 14. d4 h5 15. Ng5 Qd7
16. g4 hxg4 17. Qxg4 Bh6 18. Rf3 Kg7 19. Rh3 Ncxd4 20. Nxb6 axb6 21. cxd4 Rh8
22. Nf3 Qe7 23. Bd2 Rh7 24. Rc1 Rah8 25. a3 Kg8 26. Bb4 Qd8 27. Rc3 Bf8 28.
Bxf8 Qxf8 29. Rxh7 Rxh7 30. Bf1 Qh6 31. Be2 Nxd4 32. Nxd4 Qxh2+ 33. Kf1 Rh4 34.
Qg5 Rxf4+ 35. Rf3 Qh1+ 36. Kf2 Qh2+ 37. Kf1 Qh1+ 38. Kf2 Qh4+ 39. Qxh4 Rxh4 40.
Nc6 d4 41. Kg3 Re4 42. Bf1 d3 43. Rf2 g5 44. Bg2 Re3+ 45. Bf3 Bb7 46. Nd4 Bd5
47. Nb5 Bxf3 48. Rxf3 d2 49. Rxe3 d1=Q 50. Nc3 Qc1 51. Re2 Qf4+ 52. Kg2 g4 53.
Kg1 Qf3 54. Kh2 g3+ 55. Kg1 b5 0-1

[Event "Mechanics' Winter TNM; 30/90, SD/30"]
[Site "San Francisco"]
[Date "2013.02.05"]
[Round "5.17"]
[White "Afkham-Ebrahimi, Payam"]
[Black "Olson, David"]
[Result "1-0"]
[WhiteElo "1872"]
[BlackElo "1541"]
[PlyCount "43"]
[EventDate "2013.??.??"]

1. f4 c5 2. Nf3 Nf6 3. d3 d5 4. g3 d4 5. Bg2 Nc6 6. O-O Bg4 7. Nbd2 g6 8. Nc4
Qc7 9. Nfe5 Nb4 10. c3 Nbd5 11. Nxg4 Nxg4 12. Bxd5 Qd7 13. Bf3 Bg7 14. e4 dxc3
15. Bxg4 Bd4+ 16. Kg2 f5 17. exf5 gxf5 18. Bh5+ Kf8 19. Qb3 e5 20. bxc3 exf4
21. cxd4 Rg8 22. Bxf4 1-0

[Event "Mechanics' Fall TNM; 30/90, SD/30"]
[Site "San Francisco"]
[Date "2013.11.26"]
[Round "6.19"]
[White "Agdamag, Samuel"]
[Black "Alzhin, Leonid"]
[Result "1-0"]
[WhiteElo "1292"]
[BlackElo "1808"]
[PlyCount "59"]
[EventDate "2013.??.??"]

1. e4 c5 2. Nf3 Nc6 3. d4 cxd4 4. Nxd4 Nf6 5. Nc3 e6 6. a3 Be7 7. g3 d5 8. exd5
exd5 9. Bg2 O-O 10. O-O Bg4 11. Nxc6 bxc6 12. Qd4 Qd7 13. Re1 Rfe8 14. Bg5 h6
15. Bf4 Bh3 16. Bf3 c5 17. Qa4 Qf5 18. Re5 Qc8 19. Nxd5 Be6 20. Nxe7+ Rxe7 21.
Rd1 g5 22. Be3 Nd7 23. Rxe6 fxe6 24. Bxa8 Nb6 25. Qe4 Nxa8 26. Rd6 Kg7 27. Bd2
Qe8 28. Bc3+ e5 29. Qd5 Kf8 30. Rd8 1-0

[Event "Mechanics' Fall TNM; 30/90, SD/30"]
[Site "San Francisco"]
[Date "2013.10.22"]
[Round "1.19"]
[White "Agdamag, Samuel"]
[Black "Chernobilskiy, Mikhail"]
[Result "0-1"]
[WhiteElo "1292"]
[BlackElo "1883"]
[PlyCount "80"]
[EventDate "2013.??.??"]

1. e4 d5 2. exd5 Qxd5 3. Nc3 Qd6 4. d4 c6 5. h3 Nf6 6. Nf3 Bf5 7. Bc4 e6 8. Nh4
Bg6 9. Nxg6 hxg6 10. Be3 Nbd7 11. Qe2 Nb6 12. Bb3 Be7 13. O-O-O a5 14. Na4 Nxa4
15. Bxa4 b5 16. Bxb5 cxb5 17. Qxb5+ Nd7 18. d5 e5 19. a3 O-O 20. Qc6 Rfc8 21.
Qxd6 Bxd6 22. Rd3 a4 23. Rhd1 f5 24. Bg5 e4 25. R3d2 Ne5 26. Kb1 Nc4 27. Re2
Rab8 28. c3 Nxa3+ 29. Ka2 Nc4 30. g3 Rb3 31. Rd4 Be5 32. Rd1 Rcb8 33. Bc1 a3
34. Rdd2 Nxd2 35. Rxd2 axb2 36. Bxb2 Bxc3 37. Bxc3 Rxc3 38. d6 Rc6 39. Ka1 Ra6+
40. Ra2 Rxa2+ 0-1

[Event "Mechanics' Fall TNM; 30/90, SD/30"]
[Site "San Francisco"]
[Date "2013.12.10"]
[Round "8.17"]
[White "Agdamag, Samuel"]
[Black "Cole, Tony"]
[Result "1-0"]
[WhiteElo "1292"]
[BlackElo "1402"]
[PlyCount "135"]
[EventDate "2013.??.??"]

1. e4 Nc6 2. Nf3 e5 3. d4 exd4 4. Nxd4 Nge7 5. Bg5 f6 6. Bh4 d5 7. Nxc6 bxc6 8.
Nc3 Qd6 9. Bd3 Qb4 10. O-O Ng6 11. Bg3 Bd6 12. Bxd6 Qxd6 13. Re1 O-O 14. exd5
cxd5 15. Bxg6 hxg6 16. Qxd5+ Qxd5 17. Nxd5 c6 18. Ne7+ Kf7 19. Nxc6 Be6 20. Nd4
Bd5 21. b3 a6 22. c4 Bb7 23. Re2 Rad8 24. Nc2 Rd3 25. Nb4 Rc3 26. Rae1 Kg8 27.
Re7 Rb8 28. Nd5 Bxd5 29. cxd5 Rd3 30. R7e6 a5 31. d6 Rd8 32. g3 R8xd6 33. Rxd6
Rxd6 34. Re8+ Kh7 35. Ra8 Rd5 36. h4 g5 37. hxg5 Rxg5 38. Kg2 Kg6 39. f4 Rf5
40. Kf3 Kh6 41. g4 Rc5 42. Ke4 g5 43. f5 Rb5 44. Rg8 Rb4+ 45. Kf3 Rb6 46. Rc8
Rb5 47. Rc6 Kg7 48. Ke4 Rb4+ 49. Rc4 Rb5 50. Kd4 Kf8 51. Kc3 Ke7 52. a4 Re5 53.
Rd4 Rc5+ 54. Kb2 Re5 55. b4 Re2+ 56. Kc3 axb4+ 57. Kxb4 Rb2+ 58. Kc5 Rc2+ 59.
Rc4 Ra2 60. Kc6 Kd8 61. Kd6 Re2 62. Rb4 Ke8 63. Rb8+ Kf7 64. Rb4 Re8 65. Kc6
Ra8 66. Kb7 Ra5 67. Kb6 Ra8 68. a5 1-0

[Event "Mechanics' Fall TNM; 30/90, SD/30"]
[Site "San Francisco"]
[Date "2013.10.29"]
[Round "2.22"]
[White "Agdamag, Samuel"]
[Black "Flores, David"]
[Result "0-1"]
[WhiteElo "1292"]
[BlackElo "1650"]
[PlyCount "88"]
[EventDate "2013.??.??"]

1. e4 e5 2. Nf3 Nc6 3. Bb5 a6 4. Ba4 d6 5. c3 Bd7 6. Bc2 g6 7. Qe2 Bg7 8. d3
Nf6 9. h3 Ne7 10. Be3 O-O 11. Nbd2 b5 12. a3 a5 13. O-O h6 14. Rfd1 g5 15. d4
Ng6 16. Nf1 Qe7 17. Rd2 Nf4 18. Qe1 N6h5 19. Rad1 Kh8 20. g4 Nxh3+ 21. Kg2 Bxg4
22. N1h2 N5f4+ 23. Kh1 Bh5 24. dxe5 dxe5 25. Rd7 Qe6 26. R1d2 Bxf3+ 27. Nxf3
Qg4 28. Bxf4 Qxf3+ 29. Kh2 Nxf4 30. Qf1 Bf6 31. Rxc7 Qh5+ 32. Kg1 g4 33. Bd1
Rg8 34. Rdd7 Rg7 35. Rc6 Bh4 36. Rdd6 Rg6 37. Rxg6 Nxg6 38. Qxb5 Bxf2+ 39. Kxf2
Qh2+ 40. Ke1 g3 41. Rf6 g2 42. Rxg6 fxg6 43. Be2 g1=Q+ 44. Bf1 Qgf2+ 0-1

[Event "Mechanics' Fall TNM; 30/90, SD/30"]
[Site "San Francisco"]
[Date "2013.12.03"]
[Round "7.15"]
[White "Agdamag, Samuel"]
[Black "Maser, Thomas"]
[Result "0-1"]
[WhiteElo "1292"]
[BlackElo "1900"]
[PlyCount "80"]
[EventDate "2013.??.??"]

1. e4 e5 2. Nf3 Nc6 3. Bc4 Nf6 4. d3 Be7 5. c3 O-O 6. Nbd2 d5 7. Bb3 Bg4 8. Bc2
Qd7 9. h3 Bh5 10. Nf1 Rad8 11. Qe2 d4 12. Ng3 Bg6 13. Bd2 b5 14. Nh4 dxc3 15.
bxc3 b4 16. Nhf5 Bc5 17. O-O bxc3 18. Bxc3 Nd4 19. Nxd4 Bxd4 20. Bxd4 Qxd4 21.
Rfd1 Nd7 22. Bb3 Nc5 23. Bc4 Rfe8 24. Rab1 Na4 25. Rb3 Nc3 26. Rxc3 Qxc3 27.
Qg4 Rd6 28. h4 h5 29. Qg5 Rf6 30. Rc1 Qb2 31. f3 Rb8 32. Kf1 Rfb6 33. Kg1 Qxc1+
34. Qxc1 Rb1 35. Ne2 Rxc1+ 36. Nxc1 Rb1 37. Kf2 Rxc1 38. Bb3 Kf8 39. Ke2 f6 40.
Kf2 Bf7 0-1

[Event "Mechanics' Spring TNM; 30/90, SD/30"]
[Site "San Francisco"]
[Date "2013.04.30"]
[Round "7.25"]
[White "Allen, Tom"]
[Black "Abraham, Renjish"]
[Result "0-1"]
[WhiteElo "1535"]
[BlackElo "1878"]
[PlyCount "68"]
[EventDate "2013.??.??"]

1. e4 c5 2. d4 cxd4 3. c3 dxc3 4. Nxc3 Nc6 5. Nf3 e6 6. Bc4 Be7 7. O-O d6 8.
Qe2 Nf6 9. Rd1 e5 10. Bg5 Be6 11. Bxf6 Bxf6 12. Nd5 O-O 13. Rd2 Bxd5 14. Bxd5
Qb6 15. a3 Be7 16. Rc2 Rac8 17. Rac1 Rc7 18. Qc4 Bd8 19. Qa2 Kh8 20. b4 f5 21.
Nd2 Bg5 22. Nc4 Qd4 23. Nxd6 Bxc1 24. Rxc1 Nd8 25. Rf1 fxe4 26. Nb5 Rc2 27.
Qxc2 Qxd5 28. Nc3 Qc6 29. Re1 Ne6 30. Rxe4 Rc8 31. Re3 Nf4 32. Rf3 Nd5 33. Qf5
h6 34. Ne2 Qc1+ 0-1

[Event "Mechanics' Fall TNM; 30/90, SD/30"]
[Site "San Francisco"]
[Date "2013.11.12"]
[Round "4.33"]
[White "Allen, Tom"]
[Black "Agdamag, Samuel"]
[Result "0-1"]
[WhiteElo "1580"]
[BlackElo "1292"]
[Annotator "Winslow,Elliott C"]
[PlyCount "84"]
[EventDate "2013.??.??"]

1. e4 c5 2. d4 cxd4 3. c3 Nc6 4. cxd4 d6 5. Nf3 Bg4 6. Be3 Nf6 7. Nc3 e6 8. Bc4
Be7 9. O-O O-O 10. Qe2 Rc8 11. Rfd1 Nxe4 12. Nxe4 d5 13. Bd3 dxe4 14. Bxe4 Bf6
15. d5 exd5 16. Rxd5 Qc7 17. h3 Be6 18. Rc5 Qe7 19. Bxc6 Rxc6 20. Rac1 Rfc8 21.
Rxc6 bxc6 22. Bc5 Qb7 23. b4 a6 24. Nd2 Qb5 25. Nc4 Rd8 26. Qc2 g6 27. Nd6 Qb8
28. Ne4 Bg7 29. Be7 Rc8 30. a3 Bd5 31. Nc5 Re8 32. Nd7 Qf4 33. g3 Qe4 (33...
Qf3) 34. Qxe4 Bxe4 35. Nf6+ Bxf6 36. Bxf6 h5 37. Rd1 Bd5 38. f4 $2 Re3 39. a4
Rxg3+ 40. Kf2 Rf3+ 41. Ke2 Rxf4 42. Be7 Re4+ 0-1

[Event "Mechanics' Neil Falconer TNM; 30/90, SD"]
[Site "San Francisco"]
[Date "2013.08.27"]
[Round "4.18"]
[White "Allen, Tom"]
[Black "Chernobilskiy, Mikhail"]
[Result "0-1"]
[WhiteElo "1574"]
[BlackElo "1883"]
[PlyCount "56"]
[EventDate "2013.??.??"]

1. e4 d5 2. exd5 Qxd5 3. Nc3 Qd6 4. d4 Nf6 5. Nf3 c6 6. Be2 Bf5 7. Bd3 Bg4 8.
Be3 Nbd7 9. h3 Bh5 10. g4 Bg6 11. Bxg6 hxg6 12. Qd3 Nxg4 13. O-O-O Nxe3 14.
Qxe3 e6 15. d5 Qc5 16. Qe2 cxd5 17. Rxd5 Qc7 18. Rd4 Bc5 19. Rc4 a5 20. Nd5 Qd6
21. Rd1 O-O-O 22. Nf6 Qc7 23. Rxd7 Rxd7 24. Nxd7 Kxd7 25. Ne5+ Ke8 26. Nxg6 $4
Rxh3 27. b3 Ba3+ 28. Kd2 Qd6+ 0-1

[Event "Mechanics' Neil Falconer TNM; 30/90, SD"]
[Site "San Francisco"]
[Date "2013.08.13"]
[Round "2.31"]
[White "Allen, Tom"]
[Black "Cowgill, Jackie"]
[Result "1-0"]
[WhiteElo "1574"]
[BlackElo "1002"]
[PlyCount "59"]
[EventDate "2013.??.??"]

1. e4 e5 2. Nf3 Nc6 3. d4 exd4 4. c3 dxc3 5. Bc4 d6 6. Nxc3 Nf6 7. O-O Be7 8.
Re1 O-O 9. Bf4 a6 10. e5 Na5 11. exf6 Bxf6 12. Bd3 Bxc3 13. bxc3 Be6 14. Qc2
Bc4 15. Bxh7+ Kh8 16. Be4 Qf6 17. Bg5 Qe6 18. Bxb7 Qxe1+ 19. Rxe1 Rae8 20. Be4
Be6 21. Qa4 Nc4 22. Qxa6 d5 23. Bd3 Nd6 24. Bf4 Bf5 25. Bxd6 Bxd3 26. Qxd3
Rxe1+ 27. Nxe1 cxd6 28. Qxd5 Rb8 29. Qd2 d5 30. g3 1-0

[Event "Mechanics' Winter TNM; 30/90, SD/30"]
[Site "San Francisco"]
[Date "2013.02.26"]
[Round "8.20"]
[White "Allen, Tom"]
[Black "Delmonico, Nils"]
[Result "0-1"]
[WhiteElo "1535"]
[BlackElo "1922"]
[PlyCount "100"]
[EventDate "2013.??.??"]

1. e4 e6 2. d4 d5 3. Nd2 Nf6 4. e5 Nfd7 5. Bd3 c5 6. c3 Nc6 7. Ngf3 cxd4 8.
cxd4 f6 9. exf6 Nxf6 10. O-O Bd6 11. Re1 O-O 12. Nb3 Qc7 13. Qc2 h6 14. Ne5
Nxe5 15. Qxc7 Bxc7 16. dxe5 Nd7 17. f4 Nb8 18. g3 Nc6 19. Bd2 a5 20. a4 Nb4 21.
Bxb4 axb4 22. Bb5 Rd8 23. Kg2 Bb6 24. a5 Ba7 25. a6 Bb6 26. axb7 Bxb7 27. Rxa8
Rxa8 28. Nc1 Kf7 29. b3 Ra5 30. Ba4 Rc5 31. Nd3 Rc2+ 32. Kh3 Rd2 33. Nxb4 Ba5
34. Rc1 d4 35. Nc6 Bb6 36. Rc4 Ba6 37. Rb4 Bc5 38. Rb8 Bf1+ 39. Kg4 Rxh2 40. f5
Bh3+ 41. Kf3 Bg2+ 42. Kf4 Bxc6 43. Bxc6 Rf2+ 44. Kg4 exf5+ 45. Kh3 d3 46. Rd8
d2 47. Rd3 Ke6 48. Be8 Kxe5 49. Bh5 g5 50. Bd1 g4+ 0-1

[Event "Mechanics' Neil Falconer TNM; 30/90, SD"]
[Site "San Francisco"]
[Date "2013.10.01"]
[Round "9.25"]
[White "Allen, Tom"]
[Black "Frank, Robert"]
[Result "1-0"]
[WhiteElo "1574"]
[BlackElo "1317"]
[PlyCount "79"]
[EventDate "2013.??.??"]

1. e4 e5 2. Nf3 Nf6 3. Nxe5 d6 4. Nxf7 Kxf7 5. d4 Be7 6. Nc3 Re8 7. Bc4+ Kf8 8.
Qf3 Nc6 9. Be3 a6 10. h3 Na5 11. Bd3 Kg8 12. Rd1 Be6 13. d5 Bf7 14. b4 c5 15.
bxa5 Qxa5 16. Bd2 Qc7 17. O-O c4 18. Be2 Bg6 19. Rfe1 Nd7 20. Bf1 Rf8 21. Qg3
Bf6 22. Bf4 Bxc3 23. Bxd6 Qa5 24. Re3 Rfe8 25. Rxc3 Rxe4 26. Bxc4 Nc5 27. Bxc5
Qxc5 28. Bxa6 Qb6 29. Bd3 Bh5 30. Bxe4 Bxd1 31. Qd3 Qb1 32. Qf1 Qc1 33. Bf3 Qd2
34. Rd3 Qxc2 35. Rxd1 Rxa2 36. d6 Ra8 37. d7 Qc7 38. Qe1 Qd8 39. Bxb7 Rb8 40.
Bc8 1-0

[Event "Mechanics' Neil Falconer TNM; 30/90, SD"]
[Site "San Francisco"]
[Date "2013.09.24"]
[Round "8.26"]
[White "Allen, Tom"]
[Black "Furukawa, Jon"]
[Result "0-1"]
[WhiteElo "1574"]
[BlackElo "1489"]
[PlyCount "54"]
[EventDate "2013.??.??"]

1. e4 e5 2. Nf3 Nc6 3. d4 exd4 4. c3 Nf6 5. e5 Qe7 6. Qe2 Nd5 7. cxd4 Qb4+ 8.
Qd2 Be7 9. a3 Qxd2+ 10. Bxd2 d6 11. Bc4 Be6 12. Nc3 Nb6 13. Bxe6 fxe6 14. O-O
O-O 15. Rfe1 Rxf3 16. gxf3 Nxd4 17. Re3 Nc4 18. Rd1 Nxe3 19. fxe3 Nxf3+ 20. Kg2
Nxe5 21. Nb5 c6 22. Nc7 Rc8 23. Nxe6 d5 24. Rf1 Bf6 25. b4 Re8 26. Nf4 Nc4 27.
Nh5 Nxd2 0-1

[Event "Mechanics' Winter TNM; 30/90, SD/30"]
[Site "San Francisco"]
[Date "2013.02.19"]
[Round "7.26"]
[White "Allen, Tom"]
[Black "Hack, Richard"]
[Result "1-0"]
[WhiteElo "1535"]
[BlackElo "1674"]
[PlyCount "73"]
[EventDate "2013.??.??"]

1. e4 e5 2. Nf3 Nc6 3. d4 exd4 4. c3 dxc3 5. Bc4 d6 6. Nxc3 Nf6 7. O-O Be7 8.
Re1 O-O 9. Bf4 Bg4 10. h3 Bh5 11. Re3 Nd7 12. Qd2 Nde5 13. Nxe5 dxe5 14. Rd3
Qc8 15. Bg3 Nb4 16. Rd7 Bd6 17. a3 Qxd7 18. axb4 Rfd8 19. Qg5 Bg6 20. Rd1 Qe8
21. h4 h6 22. Qxg6 c6 23. Rxd6 Rxd6 24. Qxd6 Rd8 25. Qxe5 Qd7 26. Qc7 Qxc7 27.
Bxc7 Rd2 28. b5 cxb5 29. Nxb5 Rc2 30. Nd6 Kf8 31. b3 b6 32. Bb8 Rc1+ 33. Kh2
Ra1 34. Bxf7 a6 35. e5 Rc1 36. e6 Rc5 37. Nc8 1-0